Catálogo

SOCIOLOGIA DE LA LECTURA (Registro nro. 51521)

Detalles MARC
000 -LEADER
fixed length control field 00969nam a2200193 a 4500
001 - CONTROL NUMBER
control field 51521
005 - DATE AND TIME OF LATEST TRANSACTION
control field 20180714041011.0
008 - FIXED-LENGTH DATA ELEMENTS--GENERAL INFORMATION
fixed length control field 140415s2004 sp 000 0 spa d
020 ## - INTERNATIONAL STANDARD BOOK NUMBER
International Standard Book Number 8497840208
041 ## - LANGUAGE CODE
Language code of text/sound track or separate title spa
082 ## - DEWEY DECIMAL CLASSIFICATION NUMBER
Classification number 306.488
Item number SOC
245 00 - TITLE STATEMENT
Title SOCIOLOGIA DE LA LECTURA
250 ## - EDITION STATEMENT
Edition statement 1a ed.
260 ## - PUBLICATION, DISTRIBUTION, ETC.
Place of publication, distribution, etc. ESPAÑA :
Name of publisher, distributor, etc. GEDISA,
Date of publication, distribution, etc. 2004
300 ## - PHYSICAL DESCRIPTION
Extent 204
Dimensions 15.5 x 1.3 x 22.4
490 ## - SERIES STATEMENT
Series statement COLECCION LEA
520 ## - SUMMARY, ETC.
Summary, etc. A LO LARGO DEL SIGLO XX, EN EL CONTEXTO DE LA POLITICA DE EXTENDER LA CULTURA A TODAS LAS CLASES SOCIALES, SE COMENZO A INVESTIGAR LOS HABITOS DE LA LECTURA COMO UNA DE LAS PRIMERAS ACTIVIDADES QUE PERMITIAN CONOCER EL NIVEL CULTURAL D ELA POBLACION. LOS METODOS ESTADISTICOS DE LA SOCIOLOGIA BRINDARON LAS HERRAMIENTAS PARA ELLO. PERO ¿QUE FIABILIDAD TIENEN LOS DATOS QUE SE PUEDEN OBTENER CON ENCUESTAS? LOS ESTUDIOS REUNIDOS EN EL PRESENTE VOLUMEN ANALIZAN LOS ENFOQUES DE LS SOCIOLOGIA
650 14 - SUBJECT ADDED ENTRY--TOPICAL TERM
Topical term or geographic name entry element LECTURA
General subdivision SOCIOLOGIA
Existencias
Withdrawn status Lost status Source of classification or shelving scheme Damaged status Not for loan Collection code Home library Current library Shelving location Date acquired Source of acquisition Inventory number Total Checkouts Full call number Barcode Date last seen Date last checked out Price effective from Koha item type
    Dewey Decimal Classification     General Biblioteca Karol Wojtyla Biblioteca Karol Wojtyla Sala general 03/12/2013 Compra 151000000000000000053526   306.488 SOC 76735 05/01/2026 27/10/2017 03/12/2013 Libro
    Dewey Decimal Classification     General Biblioteca Karol Wojtyla Biblioteca Karol Wojtyla Sala general 03/12/2013 Compra 151000000000000000053527   306.488 SOC 84875 05/01/2026 18/11/2014 03/12/2013 Libro
    Dewey Decimal Classification     General Biblioteca Karol Wojtyla Biblioteca Karol Wojtyla Sala general 03/12/2013 Compra 151000000000000000053525   306.488 SOC 76734 05/01/2026 03/10/2015 03/12/2013 Libro